| 000 -LEADER |
| fixed length control field |
00858nam a2200265Ia 4500 |
| 001 - CONTROL NUMBER |
| control field |
16611 |
| 003 - CONTROL NUMBER IDENTIFIER |
| control field |
GE_BSU |
| 005 - DATE AND TIME OF LATEST TRANSACTION |
| control field |
20221114105520.0 |
| 008 - FIXED-LENGTH DATA ELEMENTS--GENERAL INFORMATION |
| fixed length control field |
181216s2013||||en |||||||||||||| ||eng|| |
| 020 ## - INTERNATIONAL STANDARD BOOK NUMBER |
| International Standard Book Number |
9781305088313x |
| 040 ## - CATALOGING SOURCE |
| Transcribing agency |
GE_BSU |
| 080 ## - UNIVERSAL DECIMAL CLASSIFICATION NUMBER |
| Universal Decimal Classification number |
159.922.7 M-29 |
| 100 ## - MAIN ENTRY--PERSONAL NAME |
| Personal name |
Marotz, Lynn R, |
| 9 (RLIN) |
6637 |
| 245 ## - TITLE STATEMENT |
| Title |
Developmental profiles : |
| Remainder of title |
pre-birth through adolescence / |
| Statement of responsibility, etc. |
Lynn R, Marotz ; Allen K. Eileen |
| 250 ## - EDITION STATEMENT |
| Edition statement |
7th edition published |
| 260 ## - PUBLICATION, DISTRIBUTION, ETC. |
| Place of publication, distribution, etc. |
Boston, MA, USA |
| 264 ## - PRODUCTION, PUBLICATION, DISTRIBUTION, MANUFACTURE, AND COPYRIGHT NOTICE |
| Place of production, publication, distribution, manufacture |
Boston, MA, USA |
| Name of producer, publisher, distributor, manufacturer |
Belmont, CA : Wadsworth/Cengage Learning, |
| Date of production, publication, distribution, manufacture, or copyright notice |
2013. |
| 300 ## - PHYSICAL DESCRIPTION |
| Extent |
309 p .: |
| Other physical details |
ill,; |
| Dimensions |
28 cm. |
| 653 ## - INDEX TERM--UNCONTROLLED |
| keyword |
Child development. |
| 653 ## - INDEX TERM--UNCONTROLLED |
| keyword |
Developmental profiles |
| 653 ## - INDEX TERM--UNCONTROLLED |
| keyword |
ბავშვის განვითარება |
| 653 ## - INDEX TERM--UNCONTROLLED |
| keyword |
ფსიქოლოგია |
| 700 ## - ADDED ENTRY--PERSONAL NAME |
| Personal name |
Eileen Allen, K |
| 9 (RLIN) |
6638 |
| 942 ## - ADDED ENTRY ELEMENTS (KOHA) |
| Koha item type |
წიგნი |
| Source of classification or shelving scheme |
|